| 000 | 01394nam a2200217 a 4500 | ||
|---|---|---|---|
| 005 | 20250409133238.0 | ||
| 008 | 250210s2023 000 0 eng d | ||
| 020 | _a978-607-8814-70-1 | ||
| 040 |
_aCO-CtgCURN _bspa _ccoctgcurn |
||
| 082 | 0 | 4 |
_a341.77 _bR361 |
| 100 | 1 | _aReifarth Muñoz, Walfer. | |
| 245 | 1 | 0 |
_aHacia la convergencia del proceso penal en Europa y América / _cWalfer Reifarth Muñoz. |
| 260 |
_aColima, México : _bUniversidad de Colima, _c2023. |
||
| 300 | _a78 páginas. | ||
| 504 | _aIncluye referencias bibliográficas páginas (71-74) | ||
| 520 | 8 | _aEl proceso penal es el instrumento por el que se encauza la fuerza coercitiva del Estado que goza sin duda del mayor grado de aceptabilidad en una sociedad democratica y donde el ejercicio de la potestad de castigar esta sujeto a limites inquebrantables. Por ello se pretende recordar y reflexionar sobre algunos de los desvelos que despiertan los ideales de la libertad, la democracia, la estabilidad institucional, la igualdad o la exaltación de la dignidad humana. Proceso penal derecho procesal modelos procesales. | |
| 650 | 0 | _aDerecho penal. | |
| 856 | 7 |
_uhttps://unicurn.sharepoint.com/:b:/s/biblioteca/EeJfHWN3hMZAoGJ-uH0KYUABsdsG81NTpwAcjhU4pBx7aw?e=haxRve _zClic aqui para ver el texto completo |
|
| 942 |
_cCF _2ddc _h341.77 _iR361 |
||
| 999 |
_c29608 _d29608 |
||